|
|
|
|
| LEADER |
00000caa a2200000 c 4500 |
| 001 |
1472067665 |
| 003 |
DE-627 |
| 005 |
20220601125755.0 |
| 007 |
tu |
| 008 |
140307s1971 xx ||||| 00| ||ger c |
| 020 |
|
|
|a 3452173135
|
| 035 |
|
|
|a (DE-627)1472067665
|
| 035 |
|
|
|a (DE-576)402067665
|
| 035 |
|
|
|a (DE-599)BSZ402067665
|
| 040 |
|
|
|a DE-627
|b ger
|c DE-627
|e rakwb
|
| 041 |
|
|
|a ger
|
| 100 |
1 |
|
|a Bechtel, J.
|4 aut
|
| 245 |
1 |
4 |
|a Das sozialtherapeutische Konzept
|c J. Bechtel
|
| 264 |
|
1 |
|c 1971
|
| 336 |
|
|
|a Text
|b txt
|2 rdacontent
|
| 337 |
|
|
|a ohne Hilfsmittel zu benutzen
|b n
|2 rdamedia
|
| 338 |
|
|
|a Band
|b nc
|2 rdacarrier
|
| 773 |
0 |
8 |
|i In
|t Kriminalität - vorbeugen und behandeln
|d Köln [u.a.] : Heymann, 1971
|g (1971), Seite 43-61
|h 137 S.
|w (DE-627)1073099431
|w (DE-576)003099431
|z 3452173135
|7 nnam
|
| 773 |
1 |
8 |
|g year:1971
|g pages:43-61
|
| 951 |
|
|
|a AR
|
| ELC |
|
|
|b 1
|
| LOK |
|
|
|0 000 xxxxxcx a22 zn 4500
|
| LOK |
|
|
|0 001 2785340051
|
| LOK |
|
|
|0 003 DE-627
|
| LOK |
|
|
|0 004 1472067665
|
| LOK |
|
|
|0 005 20260120122432
|
| LOK |
|
|
|0 008 140307||||||||||||||||ger|||||||
|
| LOK |
|
|
|0 040
|a DE-21-110
|c DE-627
|d DE-21-110
|
| LOK |
|
|
|0 689
|a s
|a Psychologisch-pädagogische Behandlungsformen
|
| LOK |
|
|
|0 689
|a s
|a Sozialtherapeutische Anstalten
|
| LOK |
|
|
|0 852
|a DE-21-110
|
| LOK |
|
|
|0 852 1
|m p
|9 00
|
| LOK |
|
|
|0 935
|a k110
|
| LOK |
|
|
|0 938
|k p
|
| LOK |
|
|
|0 939
|a 07-03-14
|b l01
|
| ORI |
|
|
|a SA-MARC-krimdoka001.raw
|